| 000 | 00645nam a2200205 a 4500 | ||
|---|---|---|---|
| 001 | 000009903 | ||
| 005 | 20240412074213.0 | ||
| 008 | 091002s1996 dr r 000 p spa d | ||
| 040 |
_aDO-SdBNP _bspa _cBNPHU |
||
| 082 |
_aRD861.44 _bM111p |
||
| 100 | 1 |
_aMañaná, José, _d1960- _924838 |
|
| 245 | 1 | 0 |
_aPoesías / _cJosé Mañaná. |
| 260 |
_aSanto Domingo : _bTaller, _c1996. |
||
| 300 |
_a90 p. ; _c20 cm. |
||
| 500 | _aIncluye datos biográficos del autor en la contracubierta | ||
| 590 | _aInventariado, 2018/LP | ||
| 650 | 0 |
_aPoesía dominicana _966 |
|
| 650 | 0 |
_aLiteratura dominicana. _967 |
|
| 910 | _aValidado. Control de calidad. MMOLINA | ||
| 999 |
_c9662 _d9662 |
||